Missing Word: 2015 Oscars Presenters I Quiz Stats

 Plays Quiz not verified by Sporcle

Score 0/24 Timer 03:00
0 Plays Today
Presenter Missing Name % Correct
_____ WinsletKate
97%
_____ BlanchettCate
95.2%
_____ WitherspoonReese
95.2%
_____ FeyTina
93%
_____ TheronCharlize
91.9%
_____ CarrellSteve
90.4%
_____ FreemanMorgan
89.6%
_____ GarnerJennifer
85.6%
_____ McAdamsRachel
84.1%
_____ LegendJohn
83.3%
_____ ArquettePatricia
83.3%
_____ VergaraSofía
82.2%
Presenter Missing Name % Correct
_____ C. K.Louis
81.5%
_____ RedmayneEddie
79.3%
_____ WildeOlivia
77.4%
_____ SerkisAndy
75.9%
_____ AbramsJ. J.
74.8%
_____ SegelJason
73.7%
_____ RobbieMargot
65.9%
_____ PatelDev
62.6%
_____ WashingtonKerry
60%
_____ MooreJulianne
54.8%
_____ RidleyDaisy
53.7%
_____ BosemanChadwick
35.6%

You're not logged in!

Compare scores with friends on all Sporcle quizzes.
OR
Log In

You Might Also Like...

Show Comments

Extras

Top Quizzes Today


Score Distribution

Your Account Isn't Verified!

In order to create a playlist on Sporcle, you need to verify the email address you used during registration. Go to your Sporcle Settings to finish the process.

Report this User

Report this user for behavior that violates our Community Guidelines.

Details: